| 000 | 00732cas a22002537a 4500 | ||
|---|---|---|---|
| 005 | 20220329142325.0 | ||
| 008 | 000626 1986 mx m p rnn 0 b1spa d | ||
| 010 | _a81710 | ||
| 011 | _a82682 | ||
| 035 | _a93183 | ||
| 245 | 0 | 0 | _aComunifap |
| 260 | 0 |
_aMéxico, D. F. : _bINIFAP, _c1986- |
|
| 300 | _av. | ||
| 310 | _aMensual | ||
| 362 | _av.2 n.6-12, 1987 | ||
| 590 |
_aBATCH-UPD _b10 _c20130110 _lUCH01 _h2357 |
||
| 590 |
_aBATCH-UPD _b10 _c20130410 _lUCH01 _h1643 |
||
| 590 |
_aCONVERSION _b10 _c20130109 _lUCH01 _h1345 |
||
| 650 | 1 | 4 |
_aAgricultura _xInvestigacion _xPublicaciones periodicas. _91661 |
| 866 | _av.1 n.1-7,11-12 (1986) | ||
| 866 | _av.2 n.1,4-5-12 (1987) | ||
| 901 | _aSE | ||
| 905 | _aLilia Sánchez G. | ||
| 999 |
_c81710 _d81710 |
||